000 00503nam a2200193 a 4500
001 1772625971627
003 YourLibrary
005 20260304173724.0
008 260304s2009##################000#0#eng##
020 _a9788173048364
082 0 4 _a327.54071
_bNAR
100 1 _aNarang, Amarjit S.,
_eauthor.
245 1 0 _aState, Society, and Economy in the 21st Century :
260 _c2009.
300 _a397 pages
650 0 _aCanada.
942 _cENGLISH
040 _aYourLibrary
_beng
_cYourLibrary
999 _c616884
_d616884